L特急指定をされていた特急列車 - Statistics

General Stats
  • This quiz has been taken 150 times
  • The average score is 38 of 65
Answer Stats
運行期間 L特急指定期間 列車名 備考 % Correct
1966年12月12日~ 1973年10月1日~2002年12月1日 あずさ
91%
1969年10月1日~1998年12月8日 1972年10月2日~1998年12月8日 ひたち 廃止後に同名の列車(L特急指定はされていない)が再設定され現在も運行中
91%
1964年12月25日~2011年3月12日 1975年3月10日~2010年3月13日 雷鳥
89%
1968年10月1日~ 1973年10月1日~2018年3月16日 しなの
86%
1965年3月1日~ 1978年10月2日~2010年3月13日 くろしお
85%
1964年12月25日~ 1975年3月10日~2018年3月16日 しらさぎ
83%
1968年10月1日~ 1990年3月10日~2018年3月16日 ひだ
83%
1962年6月10日~1982年11月15日 1972年10月2日~1982年11月15日 とき
82%
1969年10月1日~ 1982年11月15日~2002年12月1日 いなほ 1982年11月15日に運転系統変更
80%
1988年3月13日~ 1988年3月13日~2002年12月1日 かいじ
80%
1972年3月15日~ 1975年3月10日~2010年3月13日 やくも
80%
1981年10月1日~ 1981年10月1日~2002年12月1日 踊り子
79%
1976年7月1日~2022年9月22日 1976年7月1日~2009年7月1日 かもめ
79%
1972年3月15日~ 1988年4月10日~2011年3月12日 南風 1988年4月10日に運転系統変更
79%
1966年10月1日~1997年10月1日 1972年10月2日~1997年10月1日 あさま
78%
1975年3月10日~ 1975年3月10日~2002年12月1日 しおさい
78%
1980年10月1日~2007年10月1日 ライラック 1992年7月1日に運転系統変更・廃止後に同名の列車(L特急指定はされていない)が再設定され現在も運行中
78%
1972年7月15日~ 1972年10月2日~2002年12月1日 さざなみ
77%
1988年4月10日~ 1988年4月10日~2011年3月12日 うずしお
75%
1968年10月1日~ 1975年3月10日~2009年7月1日 にちりん
75%
1972年7月15日~ 1972年10月2日~2002年12月1日 わかしお
74%
1950年1月1日~1975年3月10日 1972年10月2日~1975年3月10日 つばめ 1964年10月1日・1965年10月1日・1972年3月15日に運転系統変更
73%
1992年7月15日~2004年3月13日 つばめ
73%
1961年10月1日~1992年7月1日 1978年10月2日~1992年7月1日 つばさ 1982年11月15日に運転系統変更
72%
1975年3月10日~2015年3月14日 1975年3月10日~1994年12月3日 あやめ
70%
1976年7月1日~ 1976年7月1日~2009年7月1日 みどり
70%
1972年3月15日~ 1986年11月1日~2011年3月12日 しおかぜ 1988年4月10日に運転系統変更
69%
1985年3月14日~2023年3月18日 1985年3月14日~2002年12月1日 草津
68%
1982年11月15日~ 1985年3月14日~2002年12月1日 あかぎ
67%
1997年3月22日~ 1997年3月22日~2009年7月1日 ソニック
65%
1988年4月10日~ 1988年4月10日~2011年3月12日 いしづち
64%
1967年10月1日~2021年3月12日 1975年3月10日~2009年7月1日 有明
61%
1988年4月10日~ 1988年4月10日~2011年3月12日 しまんと
60%
1958年10月1日~2002年12月1日 1978年10月2日~2000年3月11日 はつかり 1982年11月15日に運転系統変更
60%
1965年10月1日~1982年6月23日 1978年10月2日~1982年6月23日 やまびこ
60%
1990年11月12日~ 1990年11月12日~2011年3月12日 宇和海
59%
1990年11月12日~ 1990年11月12日~2011年3月12日 あしずり
58%
1986年11月1日~2011年3月12日 1986年11月1日~2010年3月13日 北近畿
57%
1992年3月25日~ 1996年3月16日~2009年7月1日 ハウステンボス
55%
1992年7月1日~ 1992年7月1日~2017年3月4日 すずらん
54%
1995年4月20日~ 1995年4月20日~2009年7月1日 きりしま
52%
1985年3月14日~1995年12月1日 1985年3月14日~1990年3月10日 なすの
50%
1963年10月1日~1982年11月15日 1972年10月2日~1982年11月15日 ひばり
47%
1972年3月15日~1997年10月1日 1978年10月2日~1997年10月1日 白山
45%
1989年3月11日~2015年3月14日 1989年3月11日~2002年12月1日 スーパーひたち
44%
1997年10月1日~2010年12月4日 1997年10月1日~2002年12月1日 水上 臨時列車としては現在も設定されている
43%
1993年3月18日~ 1993年3月18日~2009年7月1日 にちりんシーガイア
40%
1975年3月10日~2003年10月1日 加越
39%
2007年10月1日~2017年3月4日 スーパーカムイ
38%
1982年11月15日~1997年10月1日 1985年3月14日~1997年10月1日 谷川
37%
1994年12月3日~2019年3月16日 1994年12月3日~2002年12月1日 スーパーあずさ
36%
1990年9月1日~2007年10月1日 スーパーホワイトアロー
36%
1982年11月15日~1997年3月22日 たざわ 1996年3月30日に運転系統変更
36%
1964年10月1日~1985年3月14日 1978年10月2日~1985年3月14日 やまばと
35%
1986年3月3日~1990年9月1日 1986年11月1日~1990年9月1日 ホワイトアロー
34%
1961年3月10日~1975年3月10日 1972年10月2日~1975年3月10日 はと 1964年10月1日・1972年3月15日に運転系統変更
31%
1975年7月18日~1980年10月1日 いしかり
30%
1992年7月1日~1999年3月12日 こまくさ
30%
1964年10月1日~1975年3月10日 1972年10月2日~1975年3月10日 しおじ
30%
2004年3月13日~2011年3月12日 2004年3月13日~2009年7月1日 リレーつばめ
22%
1996年3月30日~1997年3月22日 秋田リレー
21%
1995年4月20日~1997年3月22日 ソニックにちりん
20%
1982年11月15日~1985年3月14日 白根
18%
1988年3月13日~1992年7月15日 ハイパー有明
18%
1990年3月10日~1995年4月20日 ハイパーにちりん
17%
No matching quizzes found
Score Distribution
Percent of People with Each Score
Percentile by Number Answered
Your Score History
You have not taken this quiz